000 00717nam a22002177a 4500
003 UA-OsUOA
001 36464
007 ta
008 20060126b un ||||| |||| 00| 0 ukr d
100 _aНіколенко О.М.
090 _a82
_bН11
942 _cSA
040 _aUA-OsUOA
_bukr
_cUA-OsUOA
_dUA-OsUOA
245 _aПоль Верлен і українська література (Урок компаративного аналізу поезій французького поета в оригіналі та перекладі)
300 _aС.32-37
955 _a0
041 _aukr
080 _a82
773 0 _w36459
650 7 _a82 Література. Літературознавство
_2UDC
999 _c322701
_d322701